Culpabilidad conyugal y separación, divorcio o nulidad

Uloženo v:
Podrobná bibliografie
Hlavní autor: Reina, Víctor (Autor)
Médium: Kniha
Jazyk:španělština
Vydáno: Barcelona Ariel 1984
Témata:
Tagy: Přidat tag
Žádné tagy, Buďte první, kdo vytvoří štítek k tomuto záznamu!

MARC

LEADER 00000nam a2200000 a 4500
001 UCV2195
003 CL-VaPUC
008 920117e19840000SP |||||||||||||||||spa|d
082 0 4 |a 346.016  |b REI  |2 21 
100 0 |a Reina, Víctor  |e author  |9 296439 
245 1 0 |a Culpabilidad conyugal y separación, divorcio o nulidad 
300 |a 214 p 
942 |c BK 
945 |d 19920117 00:00:00 
260 |a Barcelona  |b Ariel  |c 1984 
650 7 |a MATRIMONIO  |2 CL-VaPUC  |9 296440 
650 0 |a Derecho y legislación   |9 255077 
650 0 |a Divorcio  |9 256204 
650 7 |a NULIDAD DEL MATRIMONIO  |2 CL-VaPUC  |9 296441 
650 0 |a Separación conyugal  |9 257481 
583 |a last modification  |c 19920117 00:00:00  |k Rodrigo Vera 
999 |c 209857  |d 209855 
952 |0 0  |1 0  |4 0  |6 346_016000000000000_REI_1984  |7 0  |8 A  |9 185684  |a BIBDER  |b BIBDER  |d 2019-11-14  |i 2531313  |o 346.016 REI 1984  |p 2531313  |r 2023-01-25  |w 2019-11-14  |y BK  |k DER